NFL Stadium Names (Retro) - Statistics

General Stats
  • This quiz has been taken 570 times
  • The average score is 11 of 28
Answer Stats
Hint Answer % Correct
Green Bay Packers Lambeau Field
66%
Denver Broncos Mile High Stadium
63%
Kansas City Chiefs Arrowhead Stadium
60%
Chicago Bears Soldier Field
59%
New Orleans Saints Louisiana Superdome
58%
Pittsburgh Steelers Three Rivers Stadium
58%
San Francisco 49ers Candlestick Park
55%
Houston Oilers Astrodome
52%
Minnesota Vikings Metrodome
51%
Buffalo Bills Ralph Wilson Stadium
47%
Detroit Lions Pontiac Silverdome
45%
Philadelphia Eagles Veterans Stadium
45%
New York Giants Giants Stadium
40%
Washington Redskins RFK Stadium
40%
Miami Dolphins Joe Robbie Stadium
39%
New York Jets Giants Stadium
38%
New England Patriots Foxboro Stadium
37%
Seattle Seahawks Kingdome
36%
Dallas Cowboys Texas Stadium
36%
Cincinnati Bengals Riverfront Stadium
32%
Cleveland Browns Cleveland Municipal Stadium
26%
San Diego Chargers Jack Murphy Stadium
26%
Phoenix Cardinals Sun Devil Stadium
24%
Atlanta Falcons Atlanta-Fulton County Stadium
21%
Indianapolis Colts Hoosier Dome
20%
Tampa Bay Buccaneers Tampa Stadium
13%
Los Angeles Rams Anaheim Stadium
12%
Los Angeles Raiders Los Angeles Memorial Coliseum
11%
No matching quizzes found
Score Distribution
Percent of People with Each Score
Percentile by Number Answered
Your Score History
You have not taken this quiz